[Event "Fall Classic"]
[Site "SchemingMind.com"]
[Date "2010.10.03"]
[Round "-"]
[White "Kenny Elliott"]
[Black "petrus"]
[Result "0-1"]
[WhiteCountry "USA"]
[BlackCountry "BEL"]
[WhiteElo "1583"]
[WhiteRD "67"]
[BlackElo "1870"]
[BlackRD "82"]
[GameID "262217"]

1. d4 c5 2. e3 Nf6 3. c4 cxd4 4. exd4 e6 5. Nf3 Bb4+ 6. Bd2 Qa5 7. Nc3 d5 8. c5 Bd7 9. a3 Bxc3 10. Bxc3 Qc7
11. Bd3 a6 12. O-O Nc6 13. Qc2 Na7 14. Ne5 Bb5 15. a4 Bxd3 16. Qxd3 Nc6 17. Nf3 Ne4 18. Nd2 Nxd2 19. Qxd2 O-O 20. b4 Ne7
21. b5 Nf5 22. Ba5 Qd7 23. Qb4 Rfc8 24. bxa6 bxa6 25. Bb6 Ne7 26. Ra2 Nc6 27. Qd2 Qe7 28. Rb1 Qf6 29. Rd1 Re8 30. Ra3 Qe7
31. Re3 Qg5 32. Qc3 Re7 33. Rde1 Rae8 34. Qd3 a5 35. Qc3 Ra8 36. Rb1 Qf5 37. Rb5 Rb7 38. Qb2 Qg4 39. Rd3 Qe4 40. Qd2 Nb4
41. Re3 Qb1+ 42. Re1 Qb3 43. c6 Re7 44. c7 Ree8 45. Bxa5 Rxa5 46. Rc1 Rxb5 47. axb5 Rc8 48. b6 Na2 49. Qxa2 Qxa2 50. b7 Qa6
51. b8=Q g6 52. Rb1 Kg7 53. g3 Kf6 54. Qb7 Qxb7 55. Rxb7 h5 56. f3 Ke7 57. Kf2 Kd7 58. h4 Rxc7 59. Rxc7+ Kxc7 60. Ke3 Kd6
61. f4 f6 62. Kf3 f5 63. g4 hxg4+ 64. Kg3 Kc6 65. h5 gxh5 66. Kh4 Kb5 67. Kg3 Kc4
0-1

[Event "Fall Classic"]
[Site "SchemingMind.com"]
[Date "2010.10.02"]
[Round "-"]
[White "King"]
[Black "petrus"]
[Result "1-0"]
[WhiteCountry "ITA"]
[BlackCountry "BEL"]
[WhiteElo "1766"]
[WhiteRD "93"]
[BlackElo "1776"]
[BlackRD "97"]
[GameID "262218"]

1. e4 c5 2. Nf3 d6 3. Bb5+ Nd7 4. O-O a6 5. Bxd7+ Bxd7 6. c3 Nf6 7. Re1 Bg4 8. d4 cxd4 9. cxd4 Qb6 10. Qa4+ Bd7
11. Qc2 Rc8 12. Qd3 Bb5 13. Qe3 g6 14. Nc3 Bg7 15. e5 dxe5 16. Qxe5 Qc7 17. Nxb5 axb5 18. Qxb5+ Nd7 19. Bg5 f6 20. Bh4 Qb6
21. Qd5 Qc6 22. Qb3 g5 23. Bxg5 fxg5 24. Nxg5 Qf6 25. Ne6 Rc6 26. d5 Rb6 27. Qd1 Rxb2 28. Qh5+ Qf7 29. Nxg7+ Kf8 30. Ne6+ Ke8
31. Qxf7+ Kxf7 32. Reb1 Rb6 33. Ng5+ Kg6 34. Nf3 Rc8 35. Kf1 Rxb1+ 36. Rxb1 b6 37. Rb2 Rc5 38. Rd2 Nf6 39. d6 exd6 40. Rxd6 Rc1+
41. Ke2 Rc2+ 42. Rd2 Rxd2+ 43. Kxd2 Ne4+ 44. Ke3 Nc3 45. a3 b5 46. Nd4 b4 47. axb4 Nd5+ 48. Ke4 Nxb4 49. f4 Na6 50. g4 Nc5+
51. Ke3 Nd7 52. h4 Nf6 53. f5+ Kf7 54. g5 Ne8 55. Nb5 Ke7 56. Ke4 Kf7 57. Ke5
1-0

[Event "Fall Classic"]
[Site "SchemingMind.com"]
[Date "2010.10.03"]
[Round "-"]
[White "mmccaffe"]
[Black "petrus"]
[Result "0-1"]
[WhiteCountry "USA"]
[BlackCountry "BEL"]
[WhiteElo "1704"]
[WhiteRD "55"]
[BlackElo "1810"]
[BlackRD "84"]
[GameID "262219"]

1. e4 c5 2. Nf3 d6 3. d4 Bg4 4. Bc4 e6 5. dxc5 Qa5+ 6. Nc3 Qxc5 7. Bb5+ Nc6 8. Bxc6+ Qxc6 9. O-O Be7 10. h3 Bh5
11. g4 Bg6 12. Re1 Nf6 13. e5 Nd7 14. Bf4 d5 15. Nd4 Qb6 16. Nb3 Qb4 17. Qd4 Bxc2 18. Qxb4 Bxb4 19. Nb5 Bxe1 20. Nc7+ Ke7
21. Nxa8 Bxf2+ 22. Kxf2 Bxb3 23. axb3 Rxa8 24. Rc1 Kd8 25. Bg5+ f6 26. exf6 gxf6 27. Be3 a6 28. g5 Rc8 29. Rxc8+ Kxc8
0-1

[Event "Fall Classic"]
[Site "SchemingMind.com"]
[Date "2010.10.03"]
[Round "-"]
[White "thefriediceman"]
[Black "petrus"]
[Result "1/2-1/2"]
[WhiteCountry "USA"]
[BlackCountry "BEL"]
[WhiteElo "1832"]
[WhiteRD "85"]
[BlackElo "1776"]
[BlackRD "97"]
[GameID "262220"]

1. e4 c6 2. d4 g6 3. Nf3 Bg7 4. Nc3 d6 5. Be2 Bg4 6. O-O Qb6 7. d5 c5 8. Bd2 Nd7 9. Na4 Qc7 10. h3 Bxf3
11. Bxf3 b5 12. Nc3 b4 13. Na4 Qa5 14. c3 Ne5 15. Be2 e6 16. a3 bxa3 17. bxa3 Nf6 18. c4 Qa6 19. f3 Nfd7 20. Bc3 O-O
21. Nb2 Nxf3+ 22. Rxf3 Bxc3 23. Rxc3 Ne5 24. Qc2 exd5 25. exd5 Rae8 26. Bf1 f5 27. Nd3 Nxd3 28. Qxd3 Re4 29. Qc2 Rfe8 30. Rf3 Qb7
31. Rf2 Qe7 32. Bd3 Re5 33. Rff1 Qg5 34. Qf2 Qe3 35. Qxe3 Rxe3 36. Rad1 Kg7 37. Kf2 Kf6 38. Rfe1 Rxe1 39. Rxe1 Rxe1 40. Kxe1 Ke5
41. Kd2 Kf4 42. Be2 Kg3 43. Bf3 g5 44. Kc3 g4 45. hxg4 fxg4 46. Be4 h5 47. Kd2 h4 48. Ke2 Kf4 49. Bg6 a6 50. Kf2 Kg5
51. Bd3 Kf4 52. Bc2 h3 53. gxh3 gxh3 54. Kg1 Ke3 55. Bf5 Kd4 56. Bxh3 Kc3 57. Bc8 a5 58. Ba6 Kb3 59. Kf2 Kxa3 60. Ke3 Kb3
61. Bb5 a4 62. Bxa4+ Kxa4 63. Ke4 Kb4 64. Kf5 Kxc4 65. Ke6 Kb5 66. Kxd6 c4 67. Ke7=
1/2-1/2

[Event "Fall Classic"]
[Site "SchemingMind.com"]
[Date "2010.10.02"]
[Round "-"]
[White "Eric111"]
[Black "jtrochez1"]
[Result "0-1"]
[WhiteCountry "USA"]
[BlackCountry "HON"]
[WhiteElo "1511"]
[WhiteRD "63"]
[BlackElo "1516"]
[BlackRD "53"]
[GameID "262221"]

1. d4 d5 2. c4 e6 3. e3 Nc6 4. cxd5 exd5 5. Nf3 Be7 6. Nc3 Be6 7. a3 a6 8. Be2 h6 9. b4 Na7 10. Bb2 b5
11. O-O Bf6 12. Bd3 c6 13. Qc2 Ne7 14. Rfe1 Qd7 15. Rad1 Bg4 16. Be2 O-O 17. Ra1 Bf5 18. Qd2 Nac8 19. Bf1 Ng6
0-1

[Event "Fall Classic"]
[Site "SchemingMind.com"]
[Date "2010.10.02"]
[Round "-"]
[White "Eric111"]
[Black "Kenny Elliott"]
[Result "0-1"]
[WhiteCountry "USA"]
[BlackCountry "USA"]
[WhiteElo "1511"]
[WhiteRD "63"]
[BlackElo "1647"]
[BlackRD "67"]
[GameID "262222"]

1. d4 d5 2. c4 e6 3. e3 Nf6 4. Nc3 Bb4 5. a3 Bxc3+ 6. bxc3 O-O 7. cxd5 exd5 8. Nf3 Bg4 9. Be2 Ne4 10. Bb2 Nd7
11. O-O c5 12. dxc5 Ndxc5 13. Rc1 b6 14. h3 Bh5 15. c4 Bxf3 16. Bxf3 dxc4
0-1

[Event "Fall Classic"]
[Site "SchemingMind.com"]
[Date "2010.10.02"]
[Round "-"]
[White "Eric111"]
[Black "King"]
[Result "0-1"]
[WhiteCountry "USA"]
[BlackCountry "ITA"]
[WhiteElo "1587"]
[WhiteRD "67"]
[BlackElo "1766"]
[BlackRD "93"]
[GameID "262223"]

1. d4 d5 2. c4 c6 3. e3 Nf6 4. Nc3 e6 5. Nf3 Bb4 6. Bd3 dxc4 7. Bxc4 b5 8. Bd3 a6 9. Qc2 Bb7 10. Bd2 O-O
11. Ng5 Nbd7 12. Bxh7+ Kh8 13. Bd3 Nd5 14. e4 Ne7 15. a3 Ba5 16. b4 Bb6 17. Be3 f5 18. exf5 exf5 19. Ne6 Qe8 20. Nxf8 Qxf8
21. O-O-O a5 22. g3 axb4 23. axb4 c5 24. Rhg1 cxd4 25. Bxd4 Bxd4 26. Bxb5 Qf6 27. Nb1 Rc8 28. Bc4 Nb6 29. Na3 Bd5 30. Rxd4 Qxd4
31. Rd1 Qa1+ 32. Nb1 Rxc4
0-1

[Event "Fall Classic"]
[Site "SchemingMind.com"]
[Date "2010.10.02"]
[Round "-"]
[White "Eric111"]
[Black "mmccaffe"]
[Result "0-1"]
[WhiteCountry "USA"]
[BlackCountry "USA"]
[WhiteElo "1511"]
[WhiteRD "63"]
[BlackElo "1704"]
[BlackRD "55"]
[GameID "262224"]

1. Nf3 Nf6 2. c4 g6 3. b3 Bg7 4. Bb2 O-O 5. d4 d6 6. Nbd2 Nbd7 7. e3 c5 8. Bd3 a6 9. O-O cxd4 10. Bxd4 Qc7
11. Rc1 Nc5
0-1

[Event "Fall Classic"]
[Site "SchemingMind.com"]
[Date "2010.10.02"]
[Round "-"]
[White "Eric111"]
[Black "thefriediceman"]
[Result "0-1"]
[WhiteCountry "USA"]
[BlackCountry "USA"]
[WhiteElo "1511"]
[WhiteRD "63"]
[BlackElo "1936"]
[BlackRD "71"]
[GameID "262225"]

1. c4 e5 2. Nc3 Nf6 3. g3 d5 4. cxd5 Nxd5 5. Bg2 Nb6 6. Nf3 Nc6 7. O-O Be7 8. a3 O-O 9. d3 Be6 10. Be3 Nd5
11. Nxd5 Bxd5 12. Qa4 a6 13. Rac1 h6 14. Qg4 Be6 15. Qe4 f5 16. Qa4 Bd5 17. Qc2 Rc8 18. Bc5 Re8 19. Bxe7 Rxe7 20. e4 Be6
0-1

[Event "Fall Classic"]
[Site "SchemingMind.com"]
[Date "2010.10.03"]
[Round "-"]
[White "Eric111"]
[Black "petrus"]
[Result "0-1"]
[WhiteCountry "USA"]
[BlackCountry "BEL"]
[WhiteElo "1511"]
[WhiteRD "63"]
[BlackElo "1810"]
[BlackRD "84"]
[GameID "262226"]

1. d4 c5 2. d5 b6 3. e4 Nf6 4. Nc3 d6 5. Bg5 e6 6. Bc4 Be7 7. Nge2 Nxe4 8. Bxe7 Nxc3 9. Nxc3 Qxe7 10. dxe6 Bxe6
11. Bxe6 Qxe6+ 12. Qe2 Qxe2+ 13. Kxe2 O-O 14. Rhe1 Nc6 15. Kf1 Nd4 16. Rac1 Ne6 17. Nd5 Rad8 18. c3 Rd7 19. f4 Nc7 20. Rcd1 Nxd5
21. Rxd5 Rfd8 22. Red1 Kf8 23. Kf2 f6 24. Kf3 Kf7
0-1

[Event "Fall Classic"]
[Site "SchemingMind.com"]
[Date "2010.10.02"]
[Round "-"]
[White "jtrochez1"]
[Black "Eric111"]
[Result "1-0"]
[WhiteCountry "HON"]
[BlackCountry "USA"]
[WhiteElo "1516"]
[WhiteRD "53"]
[BlackElo "1511"]
[BlackRD "63"]
[GameID "262227"]

1. e4 e5 2. Nf3 Nc6 3. Bc4 Bc5 4. Nc3 Nf6 5. h3 d6 6. d3 O-O 7. Bg5 Re8 8. Nd5 Be6 9. Bxf6 gxf6 10. a3 Nd4
11. Qd2 c6 12. Nxd4 Bxd4 13. c3 Bxd5 14. exd5 Bb6 15. O-O-O f5 16. Kb1 Kh8 17. g4 f4 18. h4 Rg8 19. g5
1-0

[Event "Fall Classic"]
[Site "SchemingMind.com"]
[Date "2010.10.02"]
[Round "-"]
[White "Kenny Elliott"]
[Black "Eric111"]
[Result "1-0"]
[WhiteCountry "USA"]
[BlackCountry "USA"]
[WhiteElo "1647"]
[WhiteRD "67"]
[BlackElo "1511"]
[BlackRD "63"]
[GameID "262228"]

1. e4 e5 2. Nf3 Nc6 3. Bb5 a6 4. Ba4 Nf6 5. Nc3 b5 6. Bb3 Be7 7. Nd5 Na5 8. Nxe5 Nxb3 9. axb3 Nxe4 10. Nxf7 Kxf7
11. Qf3+ Nf6 12. Nxf6 Bxf6 13. Qd5+ Kf8 14. O-O c6 15. Qd6+ Qe7 16. Qf4 Kf7 17. c4
1-0

[Event "Fall Classic"]
[Site "SchemingMind.com"]
[Date "2010.10.03"]
[Round "-"]
[White "King"]
[Black "Eric111"]
[Result "1-0"]
[WhiteCountry "ITA"]
[BlackCountry "USA"]
[WhiteElo "1806"]
[WhiteRD "84"]
[BlackElo "1511"]
[BlackRD "63"]
[GameID "262229"]

1. e4 c6 2. d4 d5 3. e5 Bf5 4. Nf3 e6 5. Be2 Nd7 6. c3 h6 7. O-O Ne7 8. b4 b5 9. Nbd2 Ng6 10. a4 a6
11. a5 Nh4 12. Re1 Be4 13. Nxh4 Qxh4 14. Bf3 Bf5 15. Nf1 g5 16. Ne3 Be4 17. Bxe4 dxe4 18. Qg4 Qxg4 19. Nxg4 Be7 20. Rxe4 O-O-O
21. Bd2 f5 22. exf6 Nxf6 23. Nxf6 Bxf6 24. Rxe6 Rhf8 25. Rxc6+ Kb7 26. Rb6+ Ka7 27. Be3 Bg7 28. d5 Bxc3 29. Rc6+ Kb7 30. Rxc3 Rxd5
31. Rac1 Rfd8 32. Rc7+ Kb8 33. g3 Rd1+ 34. Kg2 Rxc1 35. Rxc1 Kb7 36. Bb6 Rd3 37. Rc7+ Kb8 38. Ra7 Rb3 39. Bc5 Rc3 40. Rxa6 Rxc5
41. bxc5
1-0

[Event "Fall Classic"]
[Site "SchemingMind.com"]
[Date "2010.10.02"]
[Round "-"]
[White "mmccaffe"]
[Black "Eric111"]
[Result "1-0"]
[WhiteCountry "USA"]
[BlackCountry "USA"]
[WhiteElo "1704"]
[WhiteRD "55"]
[BlackElo "1511"]
[BlackRD "63"]
[GameID "262230"]

1. e4 e5 2. Nf3 Nc6 3. Bb5 d6 4. d4 exd4 5. Nxd4 Bd7 6. O-O g6 7. Nxc6 Bg7 8. Nxd8 Bxb5 9. Re1 Rxd8 10. Nc3 Bc6
11. Nd5
1-0

[Event "Fall Classic"]
[Site "SchemingMind.com"]
[Date "2010.10.02"]
[Round "-"]
[White "thefriediceman"]
[Black "Eric111"]
[Result "1-0"]
[WhiteCountry "USA"]
[BlackCountry "USA"]
[WhiteElo "1832"]
[WhiteRD "85"]
[BlackElo "1587"]
[BlackRD "67"]
[GameID "262231"]

1. e4 c6 2. d4 d5 3. Nc3 dxe4 4. Nxe4 Bf5 5. Ng3 Bg6 6. h4 h6 7. Nf3 Nd7 8. h5 Bh7 9. Bd3 Bxd3 10. Qxd3 e6
11. Bf4 Qa5+ 12. Bd2 Qc7 13. O-O-O Ngf6 14. Ne4 O-O-O 15. g3 Nxe4 16. Qxe4 Nf6 17. Qe2 Nd5 18. c4 Nb4 19. a3 Na6 20. Bc3 Rg8
21. Ne5 Bd6 22. Nf3 Be7 23. Qe1 Rdf8 24. Ba5 Qb8 25. Qe4 Bf6 26. Ne5 Bxe5 27. dxe5 Nc5 28. Qe3 Nd7 29. Qd4 Nxe5 30. f4 Ng4
31. Qd7#
1-0

[Event "Fall Classic"]
[Site "SchemingMind.com"]
[Date "2010.10.03"]
[Round "-"]
[White "petrus"]
[Black "Eric111"]
[Result "1-0"]
[WhiteCountry "BEL"]
[BlackCountry "USA"]
[WhiteElo "1810"]
[WhiteRD "84"]
[BlackElo "1511"]
[BlackRD "63"]
[GameID "262232"]

1. d4 d5 2. e3 Bf5 3. Be2 Nf6 4. c4 dxc4 5. Bxc4 e6 6. Nc3 Bb4 7. Qa4+ Nc6 8. Bd2 Bxc3 9. Bxc3 O-O 10. Nf3 Be4
11. Be2 Qd5 12. Bc4 Qh5 13. Be2 Qg4 14. O-O h5 15. Qb5 b6 16. Qg5 Qxg5 17. Nxg5 g6 18. d5 Nxd5 19. Nxe4 Nxc3 20. Nxc3 Kg7
21. Bf3
1-0

[Event "Fall Classic"]
[Site "SchemingMind.com"]
[Date "2010.10.02"]
[Round "-"]
[White "Quanah4"]
[Black "jtrochez1"]
[Result "1-0"]
[WhiteCountry "USA"]
[BlackCountry "HON"]
[WhiteElo "1681"]
[WhiteRD "75"]
[BlackElo "1516"]
[BlackRD "53"]
[GameID "262255"]

1. e4 e5 2. Nf3 Nc6 3. g3 Bc5 4. Bg2 d6 5. d3 h6 6. Nbd2 Bg4 7. O-O Nd4 8. c3 Nxf3+ 9. Nxf3 a5 10. h3 Be6
11. Qc2 Ne7 12. b3 Ng6 13. Bb2 Qd7 14. Kh2 O-O 15. Rad1 f5 16. c4 f4 17. g4 Qe7 18. d4 Ba7 19. dxe5 dxe5 20. Nxe5 Nxe5
21. Bxe5 f3 22. Bh1 c5 23. Qc3 Bb8 24. Bxb8 Rfxb8 25. Bxf3
1-0

[Event "Fall Classic"]
[Site "SchemingMind.com"]
[Date "2010.10.03"]
[Round "-"]
[White "Quanah4"]
[Black "Kenny Elliott"]
[Result "1-0"]
[WhiteCountry "USA"]
[BlackCountry "USA"]
[WhiteElo "1674"]
[WhiteRD "73"]
[BlackElo "1583"]
[BlackRD "67"]
[GameID "262256"]

1. e4 c5 2. Nf3 d6 3. d3 Nf6 4. g3 g6 5. Bg2 Bg7 6. O-O O-O 7. Nbd2 Nc6 8. h3 Be6 9. c3 Qd7 10. Kh2 Nh5
11. g4 Be5+ 12. Nxe5 Nxe5 13. gxh5 Nxd3 14. Nf3 c4 15. h6 f6 16. Ne1 Ne5 17. f4 Ng4+ 18. hxg4 Bxg4 19. Nf3 g5 20. f5 Kh8
21. Qd4 b5 22. b3 cxb3 23. axb3 a5 24. Nxg5 Qe8 25. Ne6 Qh5+ 26. Kg1 Rg8 27. Ng7 Rxg7 28. hxg7+ Kxg7 29. Bf4 Rg8 30. Kf2 Kh8
31. Rh1 Qf7 32. Qd5 Qxd5 33. exd5 Bxf5 34. Rxa5 Bd3 35. Raa1 Rc8 36. Rac1 Bg6 37. Bd2 f5 38. Rhe1 Rc7 39. Re3 Kg7 40. c4 bxc4
41. bxc4 h5 42. Bf1 Kf7 43. Bd3 Rc8 44. Rce1 Re8 45. Kg2 f4 46. Bxg6+ Kxg6 47. Rxe7 Rxe7 48. Rxe7 Kf5 49. Be1 Kg5 50. Kh3 f3
51. Rf7 h4 52. Rxf3
1-0

[Event "Fall Classic"]
[Site "SchemingMind.com"]
[Date "2010.10.02"]
[Round "-"]
[White "Quanah4"]
[Black "Eric111"]
[Result "1-0"]
[WhiteCountry "USA"]
[BlackCountry "USA"]
[WhiteElo "1681"]
[WhiteRD "75"]
[BlackElo "1511"]
[BlackRD "63"]
[GameID "262257"]

1. e4 c5 2. Nf3 d6 3. g3 g6 4. d3 Bg7 5. Bg2 Bg4 6. Nbd2 Qd7 7. O-O Nc6 8. c3 Nf6 9. Qc2 O-O 10. Re1 e5
11. b3 b5 12. Bb2 a5 13. a4 bxa4 14. bxa4 Bh3 15. c4 Rfe8 16. Nb3
1-0

[Event "Fall Classic"]
[Site "SchemingMind.com"]
[Date "2010.10.02"]
[Round "-"]
[White "Quanah4"]
[Black "King"]
[Result "0-1"]
[WhiteCountry "USA"]
[BlackCountry "ITA"]
[WhiteElo "1674"]
[WhiteRD "73"]
[BlackElo "1787"]
[BlackRD "87"]
[GameID "262258"]

1. e4 e5 2. Nf3 Nc6 3. g3 d6 4. Bg2 Bg4 5. d3 Qd7 6. O-O Bh3 7. Bxh3 Qxh3 8. Ng5 Qd7 9. Nd2 h5 10. h4 f6
11. Ngf3 Be7 12. c3 g5 13. hxg5 fxg5 14. Nh2 Nf6 15. Ndf3 O-O-O 16. Nxg5 Rdg8 17. Nf7 Rh7 18. Nh6 Rg6 19. Nf5 Ng4 20. f3 Nxh2
21. Kxh2 Bg5 22. Bxg5 Rxg5 23. Nh4 Rhg7 24. Nf5 Rg8 25. Rg1 Ne7 26. Nh6 R8g7 27. Nf5 Nxf5 28. exf5 Qxf5 29. Qf1 Rf7 30. f4 exf4
31. d4 fxg3+ 32. Rxg3 Qxf1 33. Rxf1 Rxf1 34. Rxg5 Rf2+ 35. Rg2 Rxg2+ 36. Kxg2 Kd7 37. Kh3 Ke6 38. Kh4 Kd5 39. Kxh5 Kc4 40. Kg5 Kd3
41. Kf5 Kc2 42. Ke6 Kxb2 43. Kd7 Kxa2 44. Kxc7 a5 45. Kxd6 a4 46. Kc7 Kb3 47. d5 a3 48. d6 a2 49. d7 a1=Q 50. d8=Q Qa5+
51. Kc8 Qxd8+ 52. Kxd8 b5 53. Kc7 Kxc3 54. Kc6 b4 55. Kb5 b3 56. Ka4 b2
0-1

[Event "Fall Classic"]
[Site "SchemingMind.com"]
[Date "2010.10.03"]
[Round "-"]
[White "Quanah4"]
[Black "mmccaffe"]
[Result "0-1"]
[WhiteCountry "USA"]
[BlackCountry "USA"]
[WhiteElo "1674"]
[WhiteRD "73"]
[BlackElo "1737"]
[BlackRD "55"]
[GameID "262259"]

1. e4 c5 2. Nf3 d6 3. g3 Nc6 4. Bg2 Nf6 5. d3 g6 6. O-O Bg7 7. Nbd2 a6 8. h3 O-O 9. a3 Rb8 10. c4 b5
11. b3 Nxe4 12. Rb1 Nxd2 13. Bxd2 Bd7 14. Re1 b4 15. a4 a5 16. Be3 Re8 17. Kh2 Ne5 18. Ng5 h6 19. Ne4 f5 20. Ng5 hxg5
21. Bxg5 Bf6 22. Be3 Bc6 23. f4 Bxg2 24. Kxg2 Nf7 25. Bf2 e5 26. Be3 exf4 27. gxf4 Bd4 28. Bf2 Bxf2 29. Kxf2 Qh4+ 30. Kg2 Qxf4
31. Rf1 Qg5+ 32. Kh2 Re3 33. Rg1 Qf4+ 34. Kh1 Rxh3+ 35. Kg2 Rg3+
0-1

[Event "Fall Classic"]
[Site "SchemingMind.com"]
[Date "2010.10.06"]
[Round "-"]
[White "Quanah4"]
[Black "thefriediceman"]
[Result "0-1"]
[WhiteCountry "USA"]
[BlackCountry "USA"]
[WhiteElo "1674"]
[WhiteRD "73"]
[BlackElo "1922"]
[BlackRD "71"]
[GameID "262260"]

1. e4 e5 2. Nf3 Nc6 3. g3 Nf6 4. d3 d5 5. exd5 Nxd5 6. Bg2 Be6 7. O-O Qd7 8. Nbd2 Be7 9. Re1 f6 10. a3 Bh3
11. c4 Nb6 12. Qc2 Bxg2 13. Kxg2 O-O-O 14. b4 Qxd3 15. Qxd3 Rxd3 16. c5 Nd7 17. Re3 Rxe3 18. fxe3 a6 19. Bb2 Rd8 20. Rd1 Nf8
21. Kf2 g6 22. Ke2 Ne6 23. Ne4 Rxd1 24. Kxd1 f5 25. Nf2 e4 26. Nd2 Kd7 27. Nc4 Ng5 28. Nd2 Ke6 29. Ke2 Bf6 30. Bxf6 Kxf6
31. h4 Ne6 32. Nc4 h6 33. g4 Ne5 34. Nxe5 Kxe5 35. a4 b6 36. cxb6 cxb6 37. Kd2 a5 38. Kc3 axb4+ 39. Kxb4 Nc7 40. g5 hxg5
41. hxg5 f4 42. exf4+ Kxf4 43. Nh3+ Kg3 44. Ng1 Kg4 45. Ne2 Kxg5 46. Kc4 Kg4 47. Kd4 Kf3 48. Nc3 e3 49. Kd3 g5 50. Ne2 g4
51. Nd4+ Kf2 52. Ne2 Ne6 53. Nc1 g3 54. Ne2 g2 55. Ke4 Kxe2
0-1

[Event "Fall Classic"]
[Site "SchemingMind.com"]
[Date "2010.10.03"]
[Round "-"]
[White "Quanah4"]
[Black "petrus"]
[Result "0-1"]
[WhiteCountry "USA"]
[BlackCountry "BEL"]
[WhiteElo "1674"]
[WhiteRD "73"]
[BlackElo "1870"]
[BlackRD "82"]
[GameID "262261"]

1. e4 c5 2. Nf3 d6 3. d3 Bg4 4. Nbd2 Nc6 5. g3 Qa5 6. Bg2 Ne5 7. O-O g6 8. h3 Nxf3+ 9. Nxf3 Bd7 10. Bd2 Qc7
11. c4 Bg7 12. Qc2 Qc8 13. Kh2 h5 14. Bc3 f6 15. Rad1 e5 16. a3 f5 17. exf5 Bxf5 18. Rfe1 Bf6 19. Qc1 Ne7 20. b4 b6
21. b5 Kf7 22. Re2 Rb8 23. Rde1 Bxd3 24. Rd2 e4 25. Bxf6 Kxf6 26. Ng5 Nf5 27. Nxe4+ Bxe4 28. Bxe4 Nd4 29. Qd1 Kg7 30. f4 Rf8
31. Bd5 Qd7 32. Qa1 Rbe8 33. Rde2 Rxe2+ 34. Rxe2 Re8 35. Rxe8 Qxe8 36. Qb2 Qe3 37. a4 Kh7 38. Qg2 Qb3 39. Qe4 Qb2+ 40. Qg2 Qc3
41. h4 Nf5 42. Be4 Ne3 43. Qf3 Qd2+ 44. Kh3 Ng4 45. Qg2 Nf2+ 46. Kh2 Nxe4 47. Qxd2 Nxd2 48. Kg2 Nxc4 49. Kf3 d5 50. Ke2 Nb2
51. Ke3 Nxa4 52. Kf3 Nc3 53. Ke3 Nxb5 54. Kd3 Nd4 55. Kc3 Ne2+ 56. Kb3 b5 57. Kc2 Nxg3
0-1

[Event "Fall Classic"]
[Site "SchemingMind.com"]
[Date "2010.10.02"]
[Round "-"]
[White "jtrochez1"]
[Black "Quanah4"]
[Result "0-1"]
[WhiteCountry "HON"]
[BlackCountry "USA"]
[WhiteElo "1548"]
[WhiteRD "51"]
[BlackElo "1674"]
[BlackRD "73"]
[GameID "262262"]

1. e4 c5 2. Nf3 g6 3. Bc4 Bg7 4. Nc3 e6 5. d4 cxd4 6. Nxd4 Ne7 7. Nb3 Bxc3+ 8. bxc3 d5 9. exd5 exd5 10. Bd3 O-O
11. Bb2 b6 12. Qd2 Nbc6 13. Qh6 Nf5 14. Bxf5 Re8+ 15. Kd2 Bxf5 16. Rad1 Re7 17. Kc1 Qf8 18. Qd2 Rd8 19. Ba3 Rde8 20. Bxe7 Rxe7
21. Rde1 Be6 22. Nd4 Qc8 23. Nxe6 fxe6 24. f4 Na5 25. Qd4 Nc4 26. g4 Nd6 27. f5 gxf5 28. gxf5 Nxf5 29. Qb4 Qc4 30. Rhg1+ Kf7
31. Qb2 Rc7 32. Ref1 Kf6 33. Rg3 Qxf1+ 34. Kd2 Qf2+ 35. Kd1 Ne3+ 36. Rxe3 Qxe3 37. a4 Qxc3
0-1

[Event "Fall Classic"]
[Site "SchemingMind.com"]
[Date "2010.10.05"]
[Round "-"]
[White "Kenny Elliott"]
[Black "Quanah4"]
[Result "1/2-1/2"]
[WhiteCountry "USA"]
[BlackCountry "USA"]
[WhiteElo "1602"]
[WhiteRD "75"]
[BlackElo "1637"]
[BlackRD "81"]
[GameID "262263"]

1. d4 d5 2. c4 Nf6 3. Nc3 e6 4. Nf3 h6 5. e3 c5 6. cxd5 exd5 7. Bb5+ Nc6 8. Ne5 Bd7 9. Nxc6 bxc6 10. Ba4 cxd4
11. Qxd4 c5 12. Qe5+ Qe7 13. Bxd7+ Kxd7 14. Qf5+ Qe6 15. Qxe6+ fxe6 16. O-O Bd6 17. b3 Be5 18. Bb2 Rhd8 19. f4 Bc7 20. Rad1 e5
21. Nb5 Bb6 22. Bxe5 Ke7 23. Bxf6+ gxf6 24. Kh1 Ke6 25. f5+ Kf7 26. Rf3 Rd7 27. Rg3 Rg8 28. Rxg8 Kxg8 29. Nc3 d4 30. exd4 cxd4
31. Ne4 Kg7 32. g4 a5 33. Kg2 Bc7 34. h4 Bb6 35. Kf3 Rd5 36. Ng3 Re5 37. Ne2 Re3+ 38. Kf2 d3 39. Nc3 d2 40. Rxd2 Rxc3+
41. Ke2 Re3+ 42. Kd1 Re7 43. Kc2 Rc7+ 44. Kb2 Kf7 45. Re2 Bd4+ 46. Ka3 Re7 47. Rd2 Bc3 48. Rd3 Bb4+ 49. Ka4 Re4 50. Rd7+ Re7
51. Rd5 Ra7 52. a3 Be1 53. h5 Re7 54. Rd4 Rc7 55. Kb5 Rb7+ 56. Ka4 Bc3 57. Rc4 Bd2 58. Rd4 Be1 59. Re4 Re7 60. Rc4 Re5
61. Rc7+ Ke8 62. Rc4 Kd7 63. b4 axb4 64. axb4 Re8 65. Ka5 Ra8+ 66. Kb5 Bf2 67. Rc2 Be3 68. Rc3 Rb8+ 69. Ka4 Bf4 70. Rc4 Bc7
71. b5 Ra8+ 72. Kb3 Bb6 73. Rc6 Rb8 74. Rxf6 Be3 75. Kc4 Rb6 76. Rxb6 Bxb6 77. Kd5 Bd8 78. Ke5 Ke7 79. f6+ Kf7 80. Kf5 Bxf6
81. b6 Bd4 82. b7 Ba7 83. g5 hxg5 84. Kxg5 Kg7 85. h6+ Kh7 86. Kh5 Bb8 87. Kg5= Ba7 88. Kh5 Bb8 89. Kg5= Bc7 90. Kh5 Bb8
1/2-1/2

[Event "Fall Classic"]
[Site "SchemingMind.com"]
[Date "2010.10.02"]
[Round "-"]
[White "Eric111"]
[Black "Quanah4"]
[Result "0-1"]
[WhiteCountry "USA"]
[BlackCountry "USA"]
[WhiteElo "1511"]
[WhiteRD "63"]
[BlackElo "1681"]
[BlackRD "75"]
[GameID "262264"]

1. d4 d5 2. c4 Nf6 3. cxd5 Nxd5 4. e4 Nf6 5. Nc3 e6 6. e5 Nfd7 7. f4 c5 8. Bb5 cxd4 9. Qxd4 a6 10. Bxd7+ Bxd7
11. Nf3 Nc6 12. Qf2 Bb4 13. Bd2 b6 14. O-O O-O 15. a3 Be7 16. Qxb6 Qxb6+ 17. Kh1 Qb7
0-1

[Event "Fall Classic"]
[Site "SchemingMind.com"]
[Date "2010.10.02"]
[Round "-"]
[White "King"]
[Black "Quanah4"]
[Result "1-0"]
[WhiteCountry "ITA"]
[BlackCountry "USA"]
[WhiteElo "1806"]
[WhiteRD "84"]
[BlackElo "1681"]
[BlackRD "75"]
[GameID "262265"]

1. e4 c5 2. Nf3 g6 3. c3 Bg7 4. d4 cxd4 5. cxd4 e6 6. Be2 Ne7 7. Nc3 d5 8. e5 O-O 9. Bg5 Nbc6 10. Qd2 Qc7
11. Bh6 Bxh6 12. Qxh6 Nf5 13. Qf4 a6 14. g4 Ng7 15. Bd3 b5 16. h4 Qe7 17. Qh6 f6 18. O-O-O f5 19. h5 fxg4 20. hxg6 Nf5
21. gxh7+ Kh8 22. Bxf5 exf5 23. Nh4 Rg8 24. Ng6+ Rxg6 25. Qxg6 Be6 26. Rh6 Qg7 27. Qxe6 Qg5+ 28. Kb1 Ne7 29. Nxd5 Nxd5 30. Qxd5 Rd8
31. Qc6 f4 32. Rdh1 Qf5+ 33. Ka1 Rc8 34. Rg6
1-0

[Event "Fall Classic"]
[Site "SchemingMind.com"]
[Date "2010.10.03"]
[Round "-"]
[White "mmccaffe"]
[Black "Quanah4"]
[Result "1/2-1/2"]
[WhiteCountry "USA"]
[BlackCountry "USA"]
[WhiteElo "1737"]
[WhiteRD "55"]
[BlackElo "1674"]
[BlackRD "73"]
[GameID "262266"]

1. e4 c5 2. Nf3 g6 3. d4 cxd4 4. Nxd4 Bg7 5. Nc3 e6 6. Be3 Ne7 7. Qd2 O-O 8. Be2 d5 9. O-O-O Nbc6 10. exd5 exd5
11. Nb3 b6 12. Nxd5 Nxd5 13. Qxd5 Qxd5 14. Rxd5 Be6 15. Rdd1 Rfd8 16. Bf3 Bd7 17. Bf4 Rac8 18. Rhe1 Nb4 19. c3 Nxa2+ 20. Kb1 Nxc3+
21. bxc3 Bf5+ 22. Ka2 Rxd1 23. Rxd1 Rxc3 24. Rd8+ Bf8 25. Bh6 Rc2+ 26. Ka1 Rc8 27. Rxf8+ Rxf8 28. Bxf8 Kxf8 29. Nd4 Bd7 30. Nc6=
1/2-1/2